भारतीय इतिहास : (Record no. 121002)

MARC details
000 -LEADER
fixed length control field 01189nam a22002537a 4500
005 - DATE AND TIME OF LATEST TRANSACTION
control field 20170124103206.0
010 ## - LIBRARY OF CONGRESS CONTROL NUMBER
LC control number A-835917
020 ## - INTERNATIONAL STANDARD BOOK NUMBER
Terms of availability 183.00
International Standard Book Number 8171372066
035 ## - SYSTEM CONTROL NUMBER
System control number A-835917
037 ## - SOURCE OF ACQUISITION
Source of stock number/acquisition Cen Lib/Ret
040 ## - CATALOGING SOURCE
Original cataloging agency DPL
Language of cataloging HN
082 ## - DEWEY DECIMAL CLASSIFICATION NUMBER
Classification number 954
Item number भार्गव
100 ## - MAIN ENTRY--PERSONAL NAME
Personal name भार्गव, वी.एस.
9 (RLIN) 93854
245 ## - TITLE STATEMENT
Title भारतीय इतिहास :
Statement of responsibility, etc वी.एस.भार्गव
Remainder of title प्राचीन काल से 1757 ईसवी तक /
246 ## - VARYING FORM OF TITLE
Title proper/short title Bharteey itihas : pracheen kal se 1757 isvee tak /
Remainder of title by V.S.Bhargav
260 ## - PUBLICATION, DISTRIBUTION, ETC. (IMPRINT)
Name of publisher, distributor, etc राजस्थान हिन्दी ग्रन्थ अकादमी
Date of publication, distribution, etc 1996
Place of publication, distribution, etc जयपुर
270 ## - ADDRESS
Address ए-26/2, विद्यालय मार्ग, तिलक नगर
City जयपुर
Postal code 302 004
300 ## - PHYSICAL DESCRIPTION
Extent xiii,482पृ.
Dimensions 20सेमी(सजिल्द)
650 ## - SUBJECT ADDED ENTRY--TOPICAL TERM
Topical term or geographic name as entry element भारत -- इतिहास
9 (RLIN) 3679
650 ## - SUBJECT ADDED ENTRY--TOPICAL TERM
Topical term or geographic name as entry element भारत -- सभ्यता और संस्कृति
9 (RLIN) 80765
650 ## - SUBJECT ADDED ENTRY--TOPICAL TERM
Topical term or geographic name as entry element India - History
9 (RLIN) 24174
650 ## - SUBJECT ADDED ENTRY--TOPICAL TERM
Topical term or geographic name as entry element India - Civilization and Culture
9 (RLIN) 93855
942 ## - ADDED ENTRY ELEMENTS (KOHA)
Source of classification or shelving scheme Dewey Decimal Classification
Koha item type Hindi Books
Classification part 954
Call number suffix भार्गव
Holdings
Withdrawn status Lost status Damaged status Not for loan Home library Current library Date acquired Source of acquisition Cost, normal purchase price Total Checkouts Full call number Barcode Date last seen Copy number Cost, replacement price Price effective from Koha item type
        Central Library Central Library 30/09/2015 Cen Lib/Ret 183.00   954 भार्गव A-835917 30/09/2015 1 183.00 30/09/2015 Hindi Books

© Delhi Public Library
Hit Counter
free hit counter